00299 2200121 4500245006600000250001100066100002400077650001600101005001900117260001800136041001400154336000900168 aLAPORAN KARYA SISWAb : MERKURIUScADINDA RIFA SAFITRIhText aCet. 1 aADINDA RIFA SAFITRI aKarya Siswa a20240829115257 aJakartac2024 aIndonesia atext